Datum a čas kvízu
31.5
Celkem bodů
Celkový počet nahraných bodů na tomto kvízu bez doplňovacích otázek.
3.
Pořadí na kvízu
Konečné umístění týmu na tomto kvízu.
Zaznamenané odpovědi
| # | Otázka | Odpověď | Body | Výsledky |
|---|---|---|---|---|
| 1. | U jednoho nově otevřeného obch... | pro ženy | 1 | |
| 2. | Britský královský pár minulou... | Řím | 0 | |
| 3. | Po více než třiceti letech se... | Karavan | 0 | |
| 4. | Americká genetická společnost... | Hra o trůny, pravlk | 1 | |
| 5. | Obhajoba titulu v Lize mistrů... | Arsenal FC, 0:3 | 1 | |
| 6. | Termín Velikonoc, tedy neděle... | v Turecku | 0 | |
| 7. | S Velikonocemi je spojena řada... | o holubici | 1 | |
| 8. | Velký pátek je v České republi... | 2016 (2015–2017) | 1 | |
| 9. | Dny, které jsou nějak spojené... | 1D 2C 3A 4B | 1 | |
| 10. | Australané nejsou vzhledem k t... | bandikut (králíkovitý) | 0 |